Т. 3 : Корнали. Рассказы. Статьи: пер. с груз.; Собрание сочинений

Bibliographic Details
Parent link:Собрание сочинений: в 3 томах/ Г. Абашидзе. Т. 3 : Корнали. Рассказы. Статьи.— , 1977
Language:Russian
Published: 1978
Subjects:
Format: Book
KOHA link:https://koha.lib.tpu.ru/cgi-bin/koha/opac-detail.pl?biblionumber=344792

MARC

LEADER 00000nam2a2200000 4500
001 344792
005 20231102005713.0
035 |a (RuTPU)RU\TPU\book\376560 
090 |a 344792 
100 |a 20200417d1978 m y0rusy50 ca 
101 1 |a rus  |c geo 
102 |a RU 
105 |a c z 001ay 
200 0 |a Т. 3 : Корнали. Рассказы. Статьи  |e пер. с груз. 
210 |d 1978 
215 |a 381 с.  |c портр. 
320 |a Примечания: с. 375-376 
320 |a Алфавитный русский указатель: с.377-380 
461 1 |0 (RuTPU)RU\TPU\book\142026  |t Собрание сочинений  |o в 3 томах  |f Г. Абашидзе  |v Т. 3 : Корнали. Рассказы. Статьи  |d 1977 
606 1 |a Грузинская литература  |2 stltpush  |3 (RuTPU)RU\TPU\subj\8671  |9 36034 
610 1 |a художественная литература 
610 1 |a романы 
610 1 |a рассказы 
610 1 |a статьи 
675 |a 894.631  |v 4 
801 1 |a RU  |b 63413507  |c 20200417 
801 2 |a RU  |b 63413507  |c 20200518  |g RCR 
942 |c BK